Calculus / (Record no. 3213)

MARC details
000 -LEADER
fixed length control field 00724pam a2200253 a 4500
001 - CONTROL NUMBER
control field 515623
003 - CONTROL NUMBER IDENTIFIER
control field 20170106130210.0
005 - DATE AND TIME OF LATEST TRANSACTION
control field 20240606080910.0
008 - FIXED-LENGTH DATA ELEMENTS--GENERAL INFORMATION
fixed length control field 860224s1987 caua 001 0 eng
010 ## - LIBRARY OF CONGRESS CONTROL NUMBER
LC control number 86006078
020 ## - INTERNATIONAL STANDARD BOOK NUMBER
International Standard Book Number 0534066909 :
Terms of availability $35.00 (est.)
040 ## - CATALOGING SOURCE
Original cataloging agency DLC
Transcribing agency DLC
Modifying agency DLC
050 00 - LIBRARY OF CONGRESS CALL NUMBER
Classification number QA303
Item number .S8825 1987
082 00 - DEWEY DECIMAL CLASSIFICATION NUMBER
Classification number 515/.15
Edition information 19
100 1# - MAIN ENTRY--PERSONAL NAME
Personal name Stewart, James,
Dates associated with a name 1941-
245 10 - TITLE STATEMENT
Title Calculus /
260 ## - PUBLICATION, DISTRIBUTION, ETC.
Place of publication, distribution, etc. Monterey, Calif. :
Name of publisher, distributor, etc. Brooks/Cole Pub. Co.,
Date of publication, distribution, etc. c1987.
300 ## - PHYSICAL DESCRIPTION
Extent xxix, 976, 108 p. :
Other physical details ill. ;
Dimensions 26 cm.
500 ## - GENERAL NOTE
General note Includes index.
650 #0 - SUBJECT ADDED ENTRY--TOPICAL TERM
Topical term or geographic name entry element Calculus.
650 #0 - SUBJECT ADDED ENTRY--TOPICAL TERM
Topical term or geographic name entry element Geometry, Analytic.
906 ## - LOCAL DATA ELEMENT F, LDF (RLIN)
a 7
b cbc
c orignew
d 1
e ocip
f 19
g y-gencatlg
942 ## - ADDED ENTRY ELEMENTS (KOHA)
Source of classification or shelving scheme Library of Congress Classification
Koha item type Books
Holdings
Withdrawn status Lost status Source of classification or shelving scheme Damaged status Not for loan Home library Current library Date acquired Total checkouts Full call number Barcode Date last seen Date last checked out Price effective from Koha item type Shelving location Source of acquisition Total renewals
    Library of Congress Classification     Murang'a University of Technology Library Murang'a University of Technology Library 06/01/2017 1 QA303 .S88 1987 003392 09/03/2020 24/02/2020 06/01/2017 Books      
    Library of Congress Classification     Murang'a University of Technology Library Murang'a University of Technology Library 25/06/2019 3 QA303 .S881987 026797 04/11/2024 04/10/2024 25/06/2019 Books General stacks Donation-TFC 1